Musica, sue leggi, sua evoluzione (La) (Record n. 73629)

Dettagli MARC
000 -LEADER
fixed length control field 01390nam a2200325Ia 4500
001 - CONTROL NUMBER
control field 35875
003 - CONTROL NUMBER IDENTIFIER
control field IT-RoPAU
008 - FIXED-LENGTH DATA ELEMENTS--GENERAL INFORMATION
fixed length control field 130308s9999 xx 000 0 und d
040 ## - CATALOGING SOURCE
Original cataloging agency IT-RoPAU
040 ## - CATALOGING SOURCE
Transcribing agency IT-RoPAU
041 ## - LANGUAGE CODE
Language code of text/sound track or separate title ITALIANO
999 ## - SYSTEM CONTROL NUMBERS (KOHA)
Koha Dewey Subclass [OBSOLETE] SI
100 ## - MAIN ENTRY--PERSONAL NAME
Personal name Combarieu Jules
100 ## - MAIN ENTRY--PERSONAL NAME
Miscellaneous information Codice Aut. SPICS: 7886
240 ## - UNIFORM TITLE
Uniform title MUSIQUE SES LOIS SON EVOLUTION (LA)
240 ## - UNIFORM TITLE
Miscellaneous information Codice Tit. Orig. Spics: T0003
245 ## - TITLE STATEMENT
Title Musica, sue leggi, sua evoluzione (La)
245 ## - TITLE STATEMENT
Remainder of title Musica, Sue Leggi, Sua Evoluzione (La)
250 ## - EDITION STATEMENT
Edition statement 1a ed.
260 ## - PUBLICATION, DISTRIBUTION, ETC. (IMPRINT)
Place of publication, distribution, etc. FIRENZE
260 ## - PUBLICATION, DISTRIBUTION, ETC. (IMPRINT)
Name of publisher, distributor, etc. Alinea
260 ## - PUBLICATION, DISTRIBUTION, ETC. (IMPRINT)
Date of publication, distribution, etc. 1985 [1° Ed.:1985 - Ed.Ling.Originale:1907]
300 ## - PHYSICAL DESCRIPTION
Extent "140 p. (prefazione: no ; testo: 140)"
500 ## - GENERAL NOTE
General note Pensiero Musicale e Psicologia Analisi di una Melodia Musica Sensazione piacere dell'Orecchio Musica e formalismo Musica e sentimento Dinamismo della Vita passionale e pensiero Musicale immagini Musicali Musica e Vita Sociale Elementi sonori dell'arte Musicale Consonanze Perfette Ottava e Quinta Consonanza Mista la Quarta Intervalli Scala Modo maggiore e minore Elementi Ritmici del Linguaggio Musicale e Vita Sociale Musica e Amore Tesi di Darwinmusica e Linguaggio Musica Descrittiva e Linguaggio Naturale Linguaggio e Ritmo
650 ## - SUBJECT ADDED ENTRY--TOPICAL TERM
Topical term or geographic name as entry element LINGUAGGIO MUSICALE
650 ## - SUBJECT ADDED ENTRY--TOPICAL TERM
Relator term Codice materia Spics: 7004
942 ## - ADDED ENTRY ELEMENTS (KOHA)
Koha item type LIBRO
957 ## -
-- 1
999 ## - SYSTEM CONTROL NUMBERS (KOHA)
-- 1
Dati di copia
Withdrawn status Lost status Damaged status Not for loan Home library Current library Date acquired Total Checkouts Full call number Date last seen Price effective from Koha item type Public note
    Buone Condizioni Not For Loan SPICS-MEDIATECA SPICS-MEDIATECA 08/03/2013   35875 08/03/2013 08/03/2013 LIBRO Progressivo inserimento: 47421 / N. Volumi: 1 Copie: 1 Copia Rara: SI / data import: 1 marzo 2013 - By Epidotti, Trombetti, Vaglietti.
CREDITS: SOCIETA' SAN PAOLO Via A.Severo, 58 - ROMA (RM) & PERIODICI SAN PAOLO SRL Via Giotto, 36 MILANO & CISF Via Giotto, 36 MILANO & EDIZIONI SAN PAOLO SRL,  Piazza Soncino, 5 CINISELLO BALSAMO (MI) -- ITALY